000 00638nam a2200193Ia 4500
005 20250508162030.0
008 008 250505s9999 xx 000 0 eng d
037 _aDissertations
040 _aFEDL
_beng
_cFEDL
041 _aeng
_2eng
084 _a580, VIR/DI
_qFEDL
100 _aVirender Mohan
_9772110
245 0 _aDevelopment of teaching material of a unit of taxonomic botany for +2 stage and comparing its effectiveness with the traditional methods
260 _c1980
300 _a76p.
546 _aM.Ed. Dissertation 1978-80 (Delhi University)
942 _cDIS
_h580, VIR/DI
999 _c1373947
_d1373947